000
00245nam a2200097Ia 4500
001
749702
005
20250826164439.0
008
250824s9999 xx 000 0 und d
245
0
_a
YÜCE ALLAH HAYAT VERENDİR
_c
ANONİM
260
_b
KARATAY YAYINLARI
999
_c
749702
_d
749702